000 00319nam a22001457a 4500
008 221013b ||||| |||| 00| 0 eng d
020 _a4215904046504
041 _aeng
080 _2THIRD EDITION
_a611
082 _a611
100 _a10.2
101 _aANAT
245 _aHUMAN ANATOMY
_cGRAAFF K
942 _2udc
_cBK
999 _c58539
_d58539